000 00985nam a22003137a 4500
001 BR0404834
003 BR-BrBNA
005 20230928101738.0
007 ta
008 230509b bl.||||| |||| 00| 0 por d
040 _aBR-BrBNA
_bpor
_cBiblioteca Nacional de Agricultura
041 _a(Por)
072 _aQ04
_b9420
090 _ 9420 BR0404834
100 1 _aClemente, M. das G.
110 1 _aUniversidade Federal de Lavras, MG (Brasil)
_0Tese (Mestrado)
245 1 _aCaracterização físico-química e perfil dos ácidos graxos de manteigas de garrafa produzidas na região de Salinas - MG
260 3 _aLavras, MG (Brasil):
_c2004.
300 _a64 p.
500 _aSummaries (Eng, Por); Bibliography p. 59-64; 31 tables
650 _aMANTEIGA
650 _aCOMPOSIÇÃO DE ALIMENTO
650 _aCOMPOSIÇÃO QUÍMICA
650 _aÁCIDO GRAXO
650 _aÁCIDO LINOLEICO
650 _aLATICÍNIO
909 _a202309
_bLucia
_c55
_dLucia Elande
942 _cBK
999 _c67376
_d67376